Building quantities: worked examples part 2. (Record no. 98742)

MARC details
000 -LEADER
fixed length control field 00454cam a2200181 4500
008 - FIXED-LENGTH DATA ELEMENTS--GENERAL INFORMATION
fixed length control field 090401t2005 xxu||||| |||| 00| 0 eng d
020 ## - INTERNATIONAL STANDARD BOOK NUMBER
International Standard Book Number 0750618469
035 ## - SYSTEM CONTROL NUMBER
System control number (Sirsi) u96959
041 ## - LANGUAGE CODE
Language code of text/sound track or separate title eng
100 ## - MAIN ENTRY--PERSONAL NAME
Personal name Wheeler, R.J.
245 ## - TITLE STATEMENT
Title Building quantities: worked examples part 2.
260 ## - PUBLICATION, DISTRIBUTION, ETC.
Name of publisher, distributor, etc. Butterworth-Heinemann Ltd
Date of publication, distribution, etc. 2005
350 ## - PRICE (NR) (BK AM CF MU VM SE) [OBSOLETE]
Price 18.50
520 ## - SUMMARY, ETC.
Summary, etc. Not yet published
700 ## - ADDED ENTRY--PERSONAL NAME
Personal name Clark, A.V.
942 ## - ADDED ENTRY ELEMENTS (KOHA)
Suppress in OPAC 0
948 ## - LOCAL PROCESSING INFORMATION (OCLC); SERIES PART DESIGNATOR (RLIN)
c (OCLC) 04/03/1997

No items available.